Inverse Sporcle Quiz Stats

Quiz Updated May 20, 2013

Challenge
Share
Tweet
Embed
Score 0/42 Timer 03:00
0 Plays Today
% Correct
Question 2???
100%
Question 3???
100%
Question 4???
100%
Question 5???
100%
Question 6???
100%
Question 1???
100%
Q1: Missing Word(s)???
70.6%
Answer 1E???
65.2%
Answer 1D???
63.4%
Answer 1C???
61.1%
Answer 1B???
53.5%
Q5: Missing Word(s)???
43.8%
Q2: Missing Word(s)???
40.1%
Q3: Missing Word(s)???
39%
Q4: Missing Word(s)???
38.7%
Q6 Missing Word(s)???
38%
Answer 5E???
36.6%
Answer 3E???
33.6%
Answer 3D???
32.8%
Answer 4E???
32.1%
Answer 2E???
32%
% Correct
Answer 6E???
30.8%
Answer 6D???
30.5%
Answer 1A???
26%
Answer 5D???
25.1%
Answer 5C???
24.2%
Answer 3B???
18.3%
Answer 3C???
16.9%
Answer 5B???
16.7%
Answer 6C???
15.6%
Answer 6B???
15.3%
Answer 4C???
14.9%
Answer 6A???
13.1%
Answer 2C???
13%
Answer 4D???
12.7%
Answer 2B???
12.3%
Answer 2D???
12.2%
Answer 5A???
11.4%
Answer 4B???
11%
Answer 3A???
10.3%
Answer 2A???
9.6%
Answer 4A???
9.5%

You're not logged in!

Compare scores with friends on all Sporcle quizzes.
Sign Up with Email
OR
Log In

You Might Also Like...

Show Comments

Extras

Top Quizzes Today


Score Distribution

Your Account Isn't Verified!

In order to create a playlist on Sporcle, you need to verify the email address you used during registration. Go to your Sporcle Settings to finish the process.